[Event "Rapid Tournament (RAP)"]
[Site "Biel, CH"]
[Date "2025.07.13"]
[Round "6"]
[White "Parlak, Selahattin"]
[Black "Schweitzer, Olaf"]
[Result "0-1"]
[Board "30"]
[WhiteFideId "1338625"]
[BlackFideId "634123"]
[WhiteElo "1768"]
[BlackElo "1996"]
[WhiteTeam "SUI"]
[BlackTeam "FRA"]
[WhiteClock "0:00:43"]
[BlackClock "0:00:23"]
[Variant "Standard"]

1. d4 {[%clk 0:15:09]}  d5 {[%clk 0:15:09]} 2. Nc3 {[%clk 0:15:13]}  Nf6 {[%clk 0:15:13]} 3. Bf4 {[%clk 0:15:17]}  a6 {[%clk 0:15:17]} 4. Nf3 {[%clk 0:15:21]}  c5 {[%clk 0:15:12]} 5. dxc5 {[%clk 0:15:14]}  Nc6 {[%clk 0:15:04]} 6. Nd4 {[%clk 0:14:51]}  Qa5 {[%clk 0:12:45]} 7. Nb3 {[%clk 0:14:42]}  Qd8 {[%clk 0:12:48]} 8. e3 {[%clk 0:14:32]}  e5 {[%clk 0:12:50]} 9. Bg5 {[%clk 0:14:29]}  d4 {[%clk 0:12:49]} 10. Ne4 {[%clk 0:14:10]}  Be7 {[%clk 0:12:48]} 11. Bxf6 {[%clk 0:14:09]}  gxf6 {[%clk 0:12:52]} 12. exd4 {[%clk 0:14:00]}  exd4 {[%clk 0:12:55]} 13. Qe2 {[%clk 0:12:49]}  Be6 {[%clk 0:12:52]} 14. O-O-O {[%clk 0:12:45]}  f5 {[%clk 0:12:16]} 15. Ng3 {[%clk 0:12:19]}  Qd5 {[%clk 0:11:39]} 16. c4 {[%clk 0:09:57]}  Qd7 {[%clk 0:11:43]} 17. Nh5 {[%clk 0:09:44]}  O-O-O {[%clk 0:11:45]} 18. Nf4 {[%clk 0:09:32]}  Bg5 {[%clk 0:11:33]} 19. Qd2 {[%clk 0:09:09]}  d3 {[%clk 0:08:58]} 20. g3 {[%clk 0:08:11]}  Bxc4 {[%clk 0:08:54]} 21. Bg2 {[%clk 0:07:39]}  Nb4 {[%clk 0:08:44]} 22. Qxb4 {[%clk 0:07:30]}  Bb5 {[%clk 0:04:20]} 23. Na5 {[%clk 0:07:15]}  Rhe8 {[%clk 0:03:53]} 24. Bxb7+ {[%clk 0:06:46]}  Kc7 {[%clk 0:03:57]} 25. c6 {[%clk 0:06:16]}  Qd5 {[%clk 0:03:47]} 26. Kb1 {[%clk 0:06:11]}  Qf3 {[%clk 0:03:39]} 27. Rd2 {[%clk 0:05:23]}  Re4 {[%clk 0:03:43]} 28. Qb3 {[%clk 0:04:59]}  Qxh1+ {[%clk 0:03:46]} 29. Rd1 {[%clk 0:05:00]}  Qf3 {[%clk 0:03:21]} 30. Qxf7+ {[%clk 0:03:49]}  Re7 {[%clk 0:03:08]} 31. Qb3 {[%clk 0:03:03]}  d2 {[%clk 0:03:13]} 32. Qxf3 {[%clk 0:03:01]}  Re1 {[%clk 0:02:54]} 33. Ne6+ {[%clk 0:03:01]}  Rxe6 {[%clk 0:02:35]} 34. Qxf5 {[%clk 0:03:05]}  Bd3+ {[%clk 0:02:35]} 35. Qxd3 {[%clk 0:02:57]}  Rxd3 {[%clk 0:02:39]} 36. Nb3 {[%clk 0:02:55]}  Re1 {[%clk 0:02:32]} 37. Kc2 {[%clk 0:02:58]}  Rxd1 {[%clk 0:02:20]} 38. Kxd1 {[%clk 0:03:01]}  Rd5 {[%clk 0:02:21]} 39. f4 {[%clk 0:02:45]}  Bf6 {[%clk 0:02:23]} 40. Nxd2 {[%clk 0:02:27]}  Bxb2 {[%clk 0:02:17]} 41. Kc2 {[%clk 0:02:25]}  Bf6 {[%clk 0:02:08]} 42. Ne4 {[%clk 0:01:52]}  Be7 {[%clk 0:02:12]} 43. Bxa6 {[%clk 0:01:45]}  Kxc6 {[%clk 0:02:12]} 44. a4 {[%clk 0:01:32]}  Rh5 {[%clk 0:00:31]} 45. Bb5+ {[%clk 0:00:54]}  Kd5 {[%clk 0:00:14]} 46. Nc3+ {[%clk 0:00:37]}  Kd4 {[%clk 0:00:17]} 47. h4 {[%clk 0:00:36]}  Rc5 {[%clk 0:00:20]} 48. a5 {[%clk 0:00:06]}  Rxc3+ {[%clk 0:00:23]} 49. Kd2 {[%clk 0:00:11]}  Rxg3 {[%clk 0:00:22]} 50. a6 {[%clk 0:00:15]}  Bc5 {[%clk 0:00:26]} 51. Ke2 {[%clk 0:00:12]}  Ke4 {[%clk 0:00:26]} 52. f5 {[%clk 0:00:22]}  Kxf5 {[%clk 0:00:30]} 53. Bd3+ {[%clk 0:00:27]}  Kg4 {[%clk 0:00:32]} 54. Bxh7 {[%clk 0:00:30]}  Kxh4 {[%clk 0:00:35]} 55. Bd3 {[%clk 0:00:26]}  Kg5 {[%clk 0:00:36]} 56. Bb5 {[%clk 0:00:29]}  Kf4 {[%clk 0:00:39]} 57. Bc6 {[%clk 0:00:33]}  Ba7 {[%clk 0:00:32]} 58. Bb7 {[%clk 0:00:36]}  Re3+ {[%clk 0:00:31]} 59. Kd2 {[%clk 0:00:40]}  Rg3 {[%clk 0:00:34]} 60. Bc6 {[%clk 0:00:41]}  Ke5 {[%clk 0:00:33]} 61. Bb7 {[%clk 0:00:44]}  Rh3 {[%clk 0:00:27]} 62. Bc8 {[%clk 0:00:45]}  Ra3 {[%clk 0:00:29]} 63. Kc2 {[%clk 0:00:47]}  Kd4 {[%clk 0:00:32]} 64. Bb7 {[%clk 0:00:51]}  Kc4 {[%clk 0:00:33]} 65. Kd2 {[%clk 0:00:51]}  Ra2+ {[%clk 0:00:33]} 66. Ke1 {[%clk 0:00:52]}  Kd3 {[%clk 0:00:35]} 67. Kf1 {[%clk 0:00:54]}  Ke3 {[%clk 0:00:30]} 68. Kg1 {[%clk 0:00:49]}  Kf4+ {[%clk 0:00:33]} 69. Kf1 {[%clk 0:00:52]}  Ke3 {[%clk 0:00:34]} 70. Kg1 {[%clk 0:00:55]}  Rf2 {[%clk 0:00:34]} 71. Bc6 {[%clk 0:00:49]}  Rf6 {[%clk 0:00:35]} 72. Bb7 {[%clk 0:00:51]}  Bd4 {[%clk 0:00:30]} 73. Kg2 {[%clk 0:00:53]}  Rf4 {[%clk 0:00:15]} 74. Kg3 {[%clk 0:00:53]}  Bb6 {[%clk 0:00:20]} 75. Bc6 {[%clk 0:00:53]}  Ba7 {[%clk 0:00:24]} 76. Bb7 {[%clk 0:00:57]}  Rc4 {[%clk 0:00:28]} 77. Kg2 {[%clk 0:00:54]}  Rg4+ {[%clk 0:00:29]} 78. Kh3 {[%clk 0:00:55]}  Kf4 {[%clk 0:00:30]} 79. Kh2 {[%clk 0:00:54]}  Rg5 {[%clk 0:00:25]} 80. Bc8 {[%clk 0:00:50]}  Bf2 {[%clk 0:00:27]} 81. Bb7 {[%clk 0:00:38]}  Ba7 {[%clk 0:00:15]} 82. Kh3 {[%clk 0:00:36]}  Bf2 {[%clk 0:00:16]} 83. Kh2 {[%clk 0:00:39]}  Rg6 {[%clk 0:00:19]} 84. Bc8 {[%clk 0:00:39]}  Bg1+ {[%clk 0:00:10]} 85. Kh3 {[%clk 0:00:41]}  Ke3 {[%clk 0:00:12]} 86. Bb7 {[%clk 0:00:44]}  Kf4 {[%clk 0:00:15]} 87. Bc8 {[%clk 0:00:48]}  Bf2 {[%clk 0:00:16]} 88. Kh2 {[%clk 0:00:48]}  Rg3 {[%clk 0:00:20]} 89. Bd7 {[%clk 0:00:46]}  Rc3 {[%clk 0:00:12]} 90. Kg2 {[%clk 0:00:46]}  Ba7 {[%clk 0:00:13]} 91. Bb5 {[%clk 0:00:39]}  Rc5 {[%clk 0:00:16]} 92. Bf1 {[%clk 0:00:42]}  Rc2+ {[%clk 0:00:18]} 93. Kh3 {[%clk 0:00:43]}  Kf3 {[%clk 0:00:20]} 94. Bb5 {[%clk 0:00:43]}  Bb8 {[%clk 0:00:23]} 0-1

[Event "Rapid Tournament (RAP)"]
[Site "Biel, CH"]
[Date "2025.07.13"]
[Round "6"]
[White "Javet, Blaise"]
[Black "Villiger, Jan"]
[Result "1-0"]
[Board "31"]
[WhiteFideId "1305026"]
[BlackFideId "1340891"]
[WhiteElo "1995"]
[BlackElo "1827"]
[WhiteTeam "SUI"]
[BlackTeam "SUI"]
[WhiteClock "0:00:25"]
[BlackClock "0:00:39"]
[Variant "Standard"]

1. e4 {[%clk 0:15:08]}  c5 {[%clk 0:15:09]} 2. Nf3 {[%clk 0:15:11]}  d6 {[%clk 0:15:13]} 3. d4 {[%clk 0:15:15]}  cxd4 {[%clk 0:15:17]} 4. Nxd4 {[%clk 0:15:19]}  Nf6 {[%clk 0:15:21]} 5. Nc3 {[%clk 0:15:23]}  a6 {[%clk 0:15:25]} 6. Be2 {[%clk 0:15:26]}  e5 {[%clk 0:15:28]} 7. Nb3 {[%clk 0:15:29]}  Be7 {[%clk 0:15:31]} 8. O-O {[%clk 0:15:32]}  O-O {[%clk 0:15:30]} 9. a4 {[%clk 0:15:35]}  Be6 {[%clk 0:15:31]} 10. f4 {[%clk 0:15:28]}  exf4 {[%clk 0:15:33]} 11. Bxf4 {[%clk 0:15:12]}  Nc6 {[%clk 0:15:36]} 12. Be3 {[%clk 0:14:51]}  Rc8 {[%clk 0:15:24]} 13. Kh1 {[%clk 0:14:32]}  Re8 {[%clk 0:14:38]} 14. Nd4 {[%clk 0:14:32]}  Nxd4 {[%clk 0:14:28]} 15. Bxd4 {[%clk 0:14:35]}  Nd7 {[%clk 0:14:30]} 16. Nd5 {[%clk 0:12:10]}  Ne5 {[%clk 0:13:48]} 17. b3 {[%clk 0:11:12]}  Bg5 {[%clk 0:11:32]} 18. c4 {[%clk 0:10:55]}  Bh6 {[%clk 0:10:18]} 19. Qe1 {[%clk 0:09:05]}  Qg5 {[%clk 0:06:41]} 20. Be3 {[%clk 0:08:04]}  Qg6 {[%clk 0:06:39]} 21. Bxh6 {[%clk 0:07:53]}  Qxh6 {[%clk 0:06:43]} 22. Qg3 {[%clk 0:07:49]}  Qg6 {[%clk 0:06:00]} 23. Qh4 {[%clk 0:06:45]}  Bxd5 {[%clk 0:05:00]} 24. exd5 {[%clk 0:06:47]}  a5 {[%clk 0:04:59]} 25. Rae1 {[%clk 0:05:43]}  Rb8 {[%clk 0:02:27]} 26. Rd1 {[%clk 0:05:05]}  Rf8 {[%clk 0:01:39]} 27. Qe1 {[%clk 0:04:08]}  b6 {[%clk 0:01:32]} 28. Qc3 {[%clk 0:04:07]}  f5 {[%clk 0:00:50]} 29. Bd3 {[%clk 0:03:46]}  Qh5 {[%clk 0:00:51]} 30. Bb1 {[%clk 0:03:30]}  Ng4 {[%clk 0:00:39]} 31. h3 {[%clk 0:02:35]}  Ne5 {[%clk 0:00:28]} 32. Rde1 {[%clk 0:02:13]}  g6 {[%clk 0:00:25]} 33. Qd4 {[%clk 0:01:26]}  Qg5 {[%clk 0:00:25]} 34. Kh2 {[%clk 0:01:00]}  Qf6 {[%clk 0:00:25]} 35. Qf4 {[%clk 0:00:57]}  Kg7 {[%clk 0:00:16]} 36. Bc2 {[%clk 0:00:46]}  Rbe8 {[%clk 0:00:20]} 37. Re3 {[%clk 0:00:39]}  Nd7 {[%clk 0:00:12]} 38. Rg3 {[%clk 0:00:32]}  Qe5 {[%clk 0:00:12]} 39. Bxf5 {[%clk 0:00:14]}  Qxf4 {[%clk 0:00:12]} 40. Rxf4 {[%clk 0:00:17]}  Rxf5 {[%clk 0:00:15]} 41. Rxf5 {[%clk 0:00:21]}  Nc5 {[%clk 0:00:15]} 42. Rff3 {[%clk 0:00:20]}  Ne4 {[%clk 0:00:18]} 43. Rg4 {[%clk 0:00:22]}  Nd2 {[%clk 0:00:21]} 44. Rd3 {[%clk 0:00:20]}  Nf1+ {[%clk 0:00:23]} 45. Kg1 {[%clk 0:00:24]}  Ne3 {[%clk 0:00:26]} 46. Rg3 {[%clk 0:00:25]}  Nf5 {[%clk 0:00:30]} 47. Rgf3 {[%clk 0:00:26]}  Re1+ {[%clk 0:00:31]} 48. Kf2 {[%clk 0:00:27]}  Rb1 {[%clk 0:00:34]} 49. g4 {[%clk 0:00:30]}  Rb2+ {[%clk 0:00:38]} 50. Ke1 {[%clk 0:00:28]}  Nh4 {[%clk 0:00:38]} 51. Rf2 {[%clk 0:00:24]}  Ng2+ {[%clk 0:00:39]} 52. Kf1 {[%clk 0:00:25]} 1-0

[Event "Rapid Tournament (RAP)"]
[Site "Biel, CH"]
[Date "2025.07.13"]
[Round "6"]
[White "Rajendran, Ishaan"]
[Black "Doxarve, Nils"]
[Result "1-0"]
[Board "32"]
[WhiteFideId "39910032"]
[BlackFideId "1340000"]
[WhiteElo "1725"]
[BlackElo "1990"]
[WhiteTeam "USA"]
[BlackTeam "SUI"]
[WhiteClock "0:06:48"]
[BlackClock "0:00:15"]
[Variant "Standard"]

1. d4 {[%clk 0:15:09]}  d5 {[%clk 0:15:07]} 2. Bf4 {[%clk 0:15:13]}  Nf6 {[%clk 0:15:11]} 3. e3 {[%clk 0:15:16]}  Bf5 {[%clk 0:15:14]} 4. c4 {[%clk 0:15:20]}  e6 {[%clk 0:15:17]} 5. Qb3 {[%clk 0:15:11]}  Nc6 {[%clk 0:15:21]} 6. Nc3 {[%clk 0:14:58]}  Bb4 {[%clk 0:15:23]} 7. a3 {[%clk 0:14:42]}  Bxc3+ {[%clk 0:15:25]} 8. bxc3 {[%clk 0:14:27]}  Na5 {[%clk 0:15:29]} 9. Qa4+ {[%clk 0:14:13]}  c6 {[%clk 0:15:32]} 10. Nf3 {[%clk 0:14:09]}  dxc4 {[%clk 0:14:28]} 11. Bxc4 {[%clk 0:14:00]}  b5 {[%clk 0:14:32]} 12. Bxb5 {[%clk 0:13:27]}  cxb5 {[%clk 0:14:36]} 13. Qxb5+ {[%clk 0:13:30]}  Nd7 {[%clk 0:14:26]} 14. Ne5 {[%clk 0:13:20]}  Rb8 {[%clk 0:14:29]} 15. Qxd7+ {[%clk 0:13:22]}  Qxd7 {[%clk 0:13:53]} 16. Nxd7 {[%clk 0:13:25]}  Kxd7 {[%clk 0:13:35]} 17. Bxb8 {[%clk 0:13:28]}  Rxb8 {[%clk 0:12:53]} 18. f3 {[%clk 0:12:29]}  Nb3 {[%clk 0:09:14]} 19. Ra2 {[%clk 0:12:24]}  Nc1 {[%clk 0:07:36]} 20. Rd2 {[%clk 0:12:10]}  Nd3+ {[%clk 0:07:21]} 21. Ke2 {[%clk 0:12:11]}  Nb2 {[%clk 0:04:39]} 22. e4 {[%clk 0:10:33]}  Nc4 {[%clk 0:04:43]} 23. exf5 {[%clk 0:10:12]}  Nxd2 {[%clk 0:04:47]} 24. fxe6+ {[%clk 0:10:13]}  fxe6 {[%clk 0:04:50]} 25. Kxd2 {[%clk 0:10:14]}  Rb2+ {[%clk 0:04:54]} 26. Kd3 {[%clk 0:10:09]}  Rxg2 {[%clk 0:04:57]} 27. Rb1 {[%clk 0:09:54]}  Kc7 {[%clk 0:05:00]} 28. Re1 {[%clk 0:09:50]}  Kd6 {[%clk 0:04:40]} 29. Re2 {[%clk 0:09:49]}  Rg1 {[%clk 0:04:27]} 30. Rb2 {[%clk 0:09:34]}  Kc7 {[%clk 0:04:12]} 31. Rb5 {[%clk 0:09:24]}  Rh1 {[%clk 0:03:26]} 32. Rc5+ {[%clk 0:09:20]}  Kd6 {[%clk 0:03:26]} 33. Ra5 {[%clk 0:09:18]}  Rxh2 {[%clk 0:03:24]} 34. Ra6+ {[%clk 0:09:22]}  Ke7 {[%clk 0:03:24]} 35. Rxa7+ {[%clk 0:09:25]}  Kf6 {[%clk 0:03:28]} 36. c4 {[%clk 0:09:11]}  h5 {[%clk 0:01:16]} 37. c5 {[%clk 0:09:15]}  Rf2 {[%clk 0:00:57]} 38. Ke3 {[%clk 0:08:25]}  Rc2 {[%clk 0:00:23]} 39. Kf4 {[%clk 0:07:51]}  Rc3 {[%clk 0:01:04]} 40. Ra8 {[%clk 0:06:59]}  g5+ {[%clk 0:00:54]} 41. Kg3 {[%clk 0:06:53]}  g4 {[%clk 0:00:57]} 42. Kg2 {[%clk 0:06:56]}  Rc2+ {[%clk 0:00:16]} 43. Kf1 {[%clk 0:06:45]}  g3 {[%clk 0:00:18]} 44. Rg8 {[%clk 0:06:38]}  Rf2+ {[%clk 0:00:10]} 45. Kg1 {[%clk 0:06:38]}  Rxf3 {[%clk 0:00:12]} 46. Rf8+ {[%clk 0:06:42]}  Ke7 {[%clk 0:00:11]} 47. Rxf3 {[%clk 0:06:45]}  h4 {[%clk 0:00:15]} 48. Kg2 {[%clk 0:06:48]} 1-0

[Event "Rapid Tournament (RAP)"]
[Site "Biel, CH"]
[Date "2025.07.13"]
[Round "6"]
[White "Kwiatkowski, Maciej"]
[Black "Avilova, Yulia"]
[Result "1-0"]
[Board "33"]
[WhiteFideId "1360175"]
[BlackFideId "34166073"]
[WhiteElo "1982"]
[BlackElo "1708"]
[WhiteTeam "SUI"]
[BlackTeam "SUI"]
[WhiteClock "0:00:59"]
[BlackClock "0:00:00"]
[Variant "Standard"]

1. e4 {[%clk 0:15:08]}  c5 {[%clk 0:15:08]} 2. Nf3 {[%clk 0:15:11]}  d6 {[%clk 0:15:12]} 3. Bc4 {[%clk 0:15:12]}  Nc6 {[%clk 0:14:52]} 4. c3 {[%clk 0:15:12]}  Nf6 {[%clk 0:14:45]} 5. d3 {[%clk 0:15:00]}  a6 {[%clk 0:14:41]} 6. O-O {[%clk 0:14:57]}  b5 {[%clk 0:14:43]} 7. Bb3 {[%clk 0:15:00]}  g6 {[%clk 0:14:42]} 8. Bg5 {[%clk 0:14:17]}  Bg7 {[%clk 0:14:41]} 9. h3 {[%clk 0:14:04]}  O-O {[%clk 0:14:29]} 10. Nbd2 {[%clk 0:13:51]}  a5 {[%clk 0:13:45]} 11. Re1 {[%clk 0:13:08]}  Qc7 {[%clk 0:13:35]} 12. Nf1 {[%clk 0:12:48]}  Rd8 {[%clk 0:12:22]} 13. Ne3 {[%clk 0:11:57]}  a4 {[%clk 0:11:33]} 14. Bc2 {[%clk 0:13:08]}  d5 {[%clk 0:11:27]} 15. Bxf6 {[%clk 0:11:03]}  Bxf6 {[%clk 0:10:44]} 16. Nxd5 {[%clk 0:10:57]}  Qd6 {[%clk 0:08:54]} 17. Qe2 {[%clk 0:09:36]}  Bg7 {[%clk 0:08:11]} 18. a3 {[%clk 0:08:52]}  Be6 {[%clk 0:07:20]} 19. Ne3 {[%clk 0:09:09]}  b4 {[%clk 0:06:46]} 20. axb4 {[%clk 0:08:52]}  cxb4 {[%clk 0:06:49]} 21. d4 {[%clk 0:08:44]}  a3 {[%clk 0:06:25]} 22. bxa3 {[%clk 0:08:15]}  bxa3 {[%clk 0:04:14]} 23. e5 {[%clk 0:04:40]}  Qc7 {[%clk 0:03:43]} 24. Be4 {[%clk 0:04:33]}  f5 {[%clk 0:02:32]} 25. exf6 {[%clk 0:03:39]}  Bxf6 {[%clk 0:02:34]} 26. Rec1 {[%clk 0:03:00]}  Bb3 {[%clk 0:00:48]} 27. Qb5 {[%clk 0:02:15]}  Rab8 {[%clk 0:00:07]} 28. Qxc6 {[%clk 0:02:07]}  Qxc6 {[%clk 0:00:10]} 29. Bxc6 {[%clk 0:02:11]}  a2 {[%clk 0:00:14]} 30. Nd2 {[%clk 0:02:04]}  Bf7 {[%clk 0:00:15]} 31. Ndc4 {[%clk 0:01:03]}  Rdc8 {[%clk 0:00:06]} 32. d5 {[%clk 0:00:59]}  Bxd5 {[%clk 0:00:00]} 33. Bxd5+ {[%clk 0:00:57]}  Kg7 {[%clk 0:00:00]} 34. Rxa2 {[%clk 0:00:59]} 1-0

[Event "Rapid Tournament (RAP)"]
[Site "Biel, CH"]
[Date "2025.07.13"]
[Round "6"]
[White "Chen, Muxi"]
[Black "Boyer, Jean-Francois"]
[Result "1-0"]
[Board "34"]
[WhiteFideId "8626073"]
[BlackFideId "650226"]
[WhiteElo "1979"]
[BlackElo "1697"]
[WhiteTeam "CHN"]
[BlackTeam "FRA"]
[WhiteClock "0:09:19"]
[BlackClock "0:00:00"]
[Variant "Standard"]

1. e4 {[%clk 0:15:05]}  e5 {[%clk 0:15:08]} 2. Nf3 {[%clk 0:15:10]}  Nc6 {[%clk 0:15:11]} 3. Bc4 {[%clk 0:15:14]}  Nf6 {[%clk 0:15:13]} 4. d3 {[%clk 0:15:06]}  Be7 {[%clk 0:15:11]} 5. O-O {[%clk 0:14:58]}  O-O {[%clk 0:14:55]} 6. Nc3 {[%clk 0:13:44]}  Na5 {[%clk 0:13:40]} 7. Nxe5 {[%clk 0:14:54]}  d6 {[%clk 0:13:12]} 8. Nf3 {[%clk 0:14:50]}  Nxc4 {[%clk 0:12:55]} 9. dxc4 {[%clk 0:14:52]}  c6 {[%clk 0:12:19]} 10. h3 {[%clk 0:14:36]}  Qc7 {[%clk 0:11:39]} 11. Bf4 {[%clk 0:14:29]}  Nd7 {[%clk 0:10:46]} 12. Nd4 {[%clk 0:14:11]}  Ne5 {[%clk 0:10:31]} 13. b3 {[%clk 0:13:46]}  Bf6 {[%clk 0:10:07]} 14. Qd2 {[%clk 0:12:06]}  g6 {[%clk 0:07:37]} 15. Rad1 {[%clk 0:13:04]}  a6 {[%clk 0:07:12]} 16. Bh6 {[%clk 0:12:16]}  Bg7 {[%clk 0:06:12]} 17. Bxg7 {[%clk 0:13:01]}  Kxg7 {[%clk 0:06:16]} 18. f4 {[%clk 0:13:03]}  Nd7 {[%clk 0:05:54]} 19. Nf3 {[%clk 0:13:03]}  Qb6+ {[%clk 0:04:59]} 20. Kh2 {[%clk 0:12:39]}  Nc5 {[%clk 0:04:41]} 21. Qxd6 {[%clk 0:12:30]}  Be6 {[%clk 0:04:00]} 22. Qd4+ {[%clk 0:12:27]}  Kg8 {[%clk 0:03:59]} 23. Qf6 {[%clk 0:12:02]}  Rad8 {[%clk 0:03:23]} 24. f5 {[%clk 0:11:51]}  Bc8 {[%clk 0:02:49]} 25. Nd5 {[%clk 0:10:22]}  Rxd5 {[%clk 0:02:31]} 26. exd5 {[%clk 0:10:25]}  Ne4 {[%clk 0:02:26]} 27. Qe5 {[%clk 0:10:19]}  Bxf5 {[%clk 0:02:28]} 28. Nd4 {[%clk 0:10:07]}  f6 {[%clk 0:01:57]} 29. Qf4 {[%clk 0:09:43]}  cxd5 {[%clk 0:01:30]} 30. Nxf5 {[%clk 0:09:32]}  gxf5 {[%clk 0:01:22]} 31. Rxd5 {[%clk 0:09:33]}  Re8 {[%clk 0:00:59]} 32. Qxf5 {[%clk 0:09:18]}  Qc7+ {[%clk 0:00:54]} 33. Qf4 {[%clk 0:09:20]}  Qxf4+ {[%clk 0:00:38]} 34. Rxf4 {[%clk 0:09:23]}  Nc3 {[%clk 0:00:36]} 35. Rd7 {[%clk 0:09:20]}  Ne4 {[%clk 0:00:29]} 36. Rg4+ {[%clk 0:09:20]}  Kh8 {[%clk 0:00:14]} 37. Rgg7 {[%clk 0:09:19]}  Ng5 {[%clk 0:00:00]} 1-0

[Event "Rapid Tournament (RAP)"]
[Site "Biel, CH"]
[Date "2025.07.13"]
[Round "6"]
[White "Yu, Tianxiang Carlos"]
[Black "Koehler, Noe"]
[Result "1-0"]
[Board "35"]
[WhiteFideId "39922723"]
[BlackFideId "1362488"]
[WhiteElo "1962"]
[BlackElo "1680"]
[WhiteTeam "USA"]
[BlackTeam "SUI"]
[WhiteClock "0:03:43"]
[BlackClock "0:04:54"]
[Variant "Standard"]

1. e4 {[%clk 0:15:08]}  c5 {[%clk 0:14:44]} 2. Nf3 {[%clk 0:15:10]}  e6 {[%clk 0:14:46]} 3. d4 {[%clk 0:15:13]}  cxd4 {[%clk 0:14:49]} 4. Nxd4 {[%clk 0:15:16]}  Nc6 {[%clk 0:14:53]} 5. Nc3 {[%clk 0:15:20]}  Qc7 {[%clk 0:14:55]} 6. Be3 {[%clk 0:15:22]}  a6 {[%clk 0:14:56]} 7. Be2 {[%clk 0:15:25]}  Be7 {[%clk 0:14:53]} 8. O-O {[%clk 0:15:26]}  Nf6 {[%clk 0:14:54]} 9. f4 {[%clk 0:15:18]}  Nxd4 {[%clk 0:13:46]} 10. Bxd4 {[%clk 0:15:17]}  Bc5 {[%clk 0:13:40]} 11. e5 {[%clk 0:14:45]}  Nd5 {[%clk 0:12:55]} 12. Nxd5 {[%clk 0:14:45]}  exd5 {[%clk 0:12:58]} 13. Bf3 {[%clk 0:14:31]}  O-O {[%clk 0:12:00]} 14. Bxd5 {[%clk 0:13:17]}  Bxd4+ {[%clk 0:11:56]} 15. Qxd4 {[%clk 0:13:21]}  Qxc2 {[%clk 0:11:51]} 16. Rac1 {[%clk 0:13:18]}  Qf5 {[%clk 0:11:31]} 17. Be4 {[%clk 0:12:39]}  Qe6 {[%clk 0:11:10]} 18. Bd5 {[%clk 0:12:16]}  Qf5 {[%clk 0:10:44]} 19. Rc3 {[%clk 0:12:19]}  Rb8 {[%clk 0:10:32]} 20. Rh3 {[%clk 0:11:39]}  h6 {[%clk 0:10:09]} 21. Be4 {[%clk 0:11:03]}  Qe6 {[%clk 0:09:40]} 22. f5 {[%clk 0:11:08]}  Qe8 {[%clk 0:08:40]} 23. f6 {[%clk 0:09:39]}  d5 {[%clk 0:06:05]} 24. Rg3 {[%clk 0:07:59]}  g6 {[%clk 0:04:46]} 25. Bxd5 {[%clk 0:06:16]}  Be6 {[%clk 0:04:50]} 26. Qh4 {[%clk 0:04:26]}  h5 {[%clk 0:04:54]} 27. Qxh5 {[%clk 0:03:43]} 1-0

[Event "Rapid Tournament (RAP)"]
[Site "Biel, CH"]
[Date "2025.07.13"]
[Round "6"]
[White "Corbat, Philippe"]
[Black "Paholok, Igor"]
[Result "1-0"]
[Board "36"]
[WhiteFideId "1304496"]
[BlackFideId "1338951"]
[WhiteElo "1957"]
[BlackElo "1765"]
[WhiteTeam "SUI"]
[BlackTeam "SUI"]
[WhiteClock "0:01:23"]
[BlackClock "0:00:14"]
[Variant "Standard"]

1. e4 {[%clk 0:15:06]}  e6 {[%clk 0:15:10]} 2. d4 {[%clk 0:15:08]}  d5 {[%clk 0:15:14]} 3. e5 {[%clk 0:15:11]}  b6 {[%clk 0:15:16]} 4. Nf3 {[%clk 0:14:46]}  Bb7 {[%clk 0:15:18]} 5. c3 {[%clk 0:14:38]}  Nc6 {[%clk 0:15:19]} 6. Bd3 {[%clk 0:14:34]}  Qd7 {[%clk 0:15:23]} 7. O-O {[%clk 0:14:21]}  f6 {[%clk 0:15:09]} 8. Re1 {[%clk 0:13:55]}  O-O-O {[%clk 0:14:43]} 9. Qe2 {[%clk 0:12:45]}  f5 {[%clk 0:14:17]} 10. Ba6 {[%clk 0:12:25]}  h6 {[%clk 0:14:18]} 11. Nbd2 {[%clk 0:10:48]}  g5 {[%clk 0:14:18]} 12. Nb3 {[%clk 0:10:27]}  Be7 {[%clk 0:14:02]} 13. a4 {[%clk 0:10:18]}  g4 {[%clk 0:12:17]} 14. Bxb7+ {[%clk 0:09:57]}  Kxb7 {[%clk 0:12:19]} 15. Nfd2 {[%clk 0:09:48]}  a5 {[%clk 0:12:08]} 16. Nf1 {[%clk 0:08:03]}  h5 {[%clk 0:12:08]} 17. Be3 {[%clk 0:06:13]}  h4 {[%clk 0:12:03]} 18. c4 {[%clk 0:05:31]}  dxc4 {[%clk 0:11:38]} 19. Qxc4 {[%clk 0:05:31]}  Qd5 {[%clk 0:11:36]} 20. Qxd5 {[%clk 0:05:19]}  Rxd5 {[%clk 0:11:38]} 21. Rec1 {[%clk 0:03:31]}  Nb4 {[%clk 0:09:22]} 22. Rc3 {[%clk 0:04:36]}  Rh7 {[%clk 0:08:58]} 23. Nfd2 {[%clk 0:04:02]}  Bf8 {[%clk 0:08:35]} 24. Nb1 {[%clk 0:04:03]}  Bh6 {[%clk 0:08:03]} 25. Bxh6 {[%clk 0:04:03]}  Nxh6 {[%clk 0:08:07]} 26. Na3 {[%clk 0:04:00]}  c6 {[%clk 0:07:48]} 27. Nc4 {[%clk 0:03:58]}  Nf7 {[%clk 0:06:58]} 28. Re1 {[%clk 0:03:40]}  Na2 {[%clk 0:06:00]} 29. Rc2 {[%clk 0:03:33]}  Nb4 {[%clk 0:06:03]} 30. Rd2 {[%clk 0:03:32]}  h3 {[%clk 0:05:40]} 31. Ne3 {[%clk 0:03:20]}  Rd7 {[%clk 0:05:18]} 32. Rde2 {[%clk 0:03:09]}  hxg2 {[%clk 0:05:05]} 33. Nxf5 {[%clk 0:02:53]}  Ng5 {[%clk 0:04:49]} 34. Nd6+ {[%clk 0:02:53]}  Kc7 {[%clk 0:03:30]} 35. Kxg2 {[%clk 0:02:52]}  Nf3 {[%clk 0:03:11]} 36. Rh1 {[%clk 0:02:55]}  Rh3 {[%clk 0:02:33]} 37. Ne8+ {[%clk 0:02:43]}  Kd8 {[%clk 0:02:01]} 38. Nf6 {[%clk 0:02:47]}  Nd3 {[%clk 0:01:59]} 39. Nxd7 {[%clk 0:02:18]}  Nf4+ {[%clk 0:01:40]} 40. Kf1 {[%clk 0:02:21]}  Nxe2 {[%clk 0:01:21]} 41. Nf6 {[%clk 0:02:13]}  Nexd4 {[%clk 0:01:00]} 42. Nxd4 {[%clk 0:02:12]}  Nxd4 {[%clk 0:00:58]} 43. Nxg4 {[%clk 0:02:07]}  Rb3 {[%clk 0:00:38]} 44. h4 {[%clk 0:02:00]}  Rxb2 {[%clk 0:00:30]} 45. h5 {[%clk 0:01:56]}  Rb1+ {[%clk 0:00:18]} 46. Kg2 {[%clk 0:02:00]}  Rxh1 {[%clk 0:00:21]} 47. Kxh1 {[%clk 0:02:03]}  Nf3 {[%clk 0:00:21]} 48. h6 {[%clk 0:01:43]}  Ng5 {[%clk 0:00:19]} 49. Nf6 {[%clk 0:01:45]}  Nf7 {[%clk 0:00:17]} 50. h7 {[%clk 0:01:46]}  b5 {[%clk 0:00:10]} 51. axb5 {[%clk 0:01:46]}  cxb5 {[%clk 0:00:14]} 52. Ne4 {[%clk 0:01:49]}  b4 {[%clk 0:00:09]} 53. Nd6 {[%clk 0:01:52]}  Nh8 {[%clk 0:00:09]} 54. Kg1 {[%clk 0:01:50]}  b3 {[%clk 0:00:09]} 55. Nc4 {[%clk 0:01:50]}  a4 {[%clk 0:00:07]} 56. Kf1 {[%clk 0:01:53]}  Kc7 {[%clk 0:00:11]} 57. Ke2 {[%clk 0:01:57]}  Kc6 {[%clk 0:00:13]} 58. Kd3 {[%clk 0:01:59]}  Kd5 {[%clk 0:00:16]} 59. f4 {[%clk 0:01:52]}  Nf7 {[%clk 0:00:15]} 60. Kc3 {[%clk 0:01:41]}  Kc5 {[%clk 0:00:17]} 61. Nd6 {[%clk 0:01:40]}  Nh8 {[%clk 0:00:19]} 62. Ne4+ {[%clk 0:01:31]}  Kd5 {[%clk 0:00:17]} 63. Ng5 {[%clk 0:01:23]}  Kc5 {[%clk 0:00:17]} 64. Nxe6+ {[%clk 0:01:26]}  Kd5 {[%clk 0:00:20]} 65. Ng5 {[%clk 0:01:26]}  Kc6 {[%clk 0:00:22]} 66. e6 {[%clk 0:01:26]}  Kd6 {[%clk 0:00:25]} 67. f5 {[%clk 0:01:23]}  Ke7 {[%clk 0:00:29]} 68. Ne4 {[%clk 0:01:21]}  Kf8 {[%clk 0:00:29]} 69. Kb4 {[%clk 0:01:17]}  Kg7 {[%clk 0:00:30]} 70. Kxa4 {[%clk 0:01:19]}  b2 {[%clk 0:00:34]} 71. Nc3 {[%clk 0:01:23]}  Kxh7 {[%clk 0:00:37]} 72. e7 {[%clk 0:01:23]}  Kg7 {[%clk 0:00:14]} 73. e8=Q {[%clk 0:01:23]} 1-0